000 00999nam a2200301 i 4500
003 EG-GICUC
005 20260406082211.0
008 260406s1885 fr ||||fr|||| 000 0 fre d
040 _aEG-GiCUC
_bfre
_cEG-GiCUC
_dEG-GiCUC
_eRda
082 0 4 _221
_a341
_bFI . N
092 0 4 _221
099 _aLaw1 11 341 FI . N 1885
100 1 _aFiore, Pasquale
_eAuteur
245 1 0 _aNouveau Droit International Public :
_bSuivant Les Besoins De La Civilisation Moderne /
_cPasquale Fiore.
_n
250 _aDeuxième Édition
264 1 _aParis :
_bA. Durand Et Pedone-lauriel, Éditeurs,
_c1885.
300 _a718page :
_billustration ;
_c 24 cm.
336 _2rda contenu
_a texte
337 _2rda medias
_aOrdinateur
338 _2 transporteur rda
_a Ressource en ligne
504 _a
546 _aTexte en français
650 1 4 _aDroit international public
_2
651 1 _2
856 4 0 _uhttps://fll.law.cu.edu.eg/fulltext/bks/B11-05621.pdf
905 _a50
942 _2ddc
_cBK
_e21
_n0
999 _c69231
_d69231